00356nam a2200133 a 4500008004100000020001800041050001400059100002000073245004300093260004100136300001400177350001000191650002100201201117s2017 ||||||||||||||||| || u a9781474906920 aPZ 7.E375 aBeasley, Andrew10aThe mummy's revengecBy Andrew Beasley aLondonbUsborne Publishing Ltdc2017 a233 pages a15.84 aENGLISH LANGUAGE